Giáo trình xây dựng văn bản pháp luật
Sách khái quát về văn bản pháp luật, quy trình xây dựng văn bản pháp luật, ngôn ngữ trong văn bản pháp luật, hình thức văn bản pháp luật, ...
Gardado en:
| Autor Principal: | |
|---|---|
| Outros autores: | , , |
| Formato: | Libro |
| Idioma: | Vietnamese |
| Publicado: |
H.
Tư pháp
2021
|
| Edición: | Tái bản lần thứ 5, có sửa đổi, bổ sung |
| Những chủ đề: | |
| Các nhãn: |
Engadir etiqueta
Sen Etiquetas, Sexa o primeiro en etiquetar este rexistro!
|
| Thư viện lưu trữ: | Thư viện Trường Đại học Nam Cần Thơ |
|---|
| LEADER | 01626nam a22002777a 4500 | ||
|---|---|---|---|
| 001 | NCT_141077 | ||
| 008 | 190812b xxu||||| |||| 00| 0 vie d | ||
| 999 | |c 7267 |d 7267 | ||
| 020 | |a 9786048121907 |c 63000 | ||
| 082 | 0 | 4 | |2 23rd ed. |a 342.597 |b U527 |
| 100 | 1 | |a Đoàn Thị Tố Uyên |e Chủ biên | |
| 245 | 1 | 0 | |a Giáo trình xây dựng văn bản pháp luật |c Đoàn Thị Tố Uyên (chủ biên) ; Hoàng Minh Hà, Trần Thị Vượng, Cao Kim Oanh |
| 250 | |a Tái bản lần thứ 5, có sửa đổi, bổ sung | ||
| 260 | |a H. |b Tư pháp |c 2021 | ||
| 300 | |a 322 tr. |c 21cm | ||
| 500 | |a ĐTTS ghi: Trường Đại học Luật Hà Nội | ||
| 520 | 3 | |a Sách khái quát về văn bản pháp luật, quy trình xây dựng văn bản pháp luật, ngôn ngữ trong văn bản pháp luật, hình thức văn bản pháp luật, ... | |
| 653 | |a Luật học | ||
| 700 | 1 | |a Hoàng Minh Hà | |
| 700 | 1 | |a Trần Thị Vượng | |
| 700 | 1 | |a Cao Kim Oanh | |
| 942 | |2 ddc |c BK | ||
| 952 | |0 0 |1 0 |2 ddc |4 0 |6 342_597000000000000_U527 |7 0 |9 26161 |a 000001 |b 000001 |d 2022-09-15 |l 1 |o 342.597 U527 |p MD.20620 |q 2023-05-30 |r 2023-05-16 |s 2023-05-16 |v 63000.00 |w 2022-09-15 |y BK | ||
| 952 | |0 0 |1 0 |2 ddc |4 0 |6 342_597000000000000_U527 |7 0 |9 26162 |a 000001 |b 000001 |d 2022-09-15 |o 342.597 U527 |p MD.20621 |r 2022-09-15 |v 63000.00 |w 2022-09-15 |y BK | ||
| 952 | |0 0 |1 0 |2 ddc |4 0 |6 342_597000000000000_U527 |7 0 |9 26163 |a 000001 |b 000001 |d 2022-09-15 |o 342.597 U527 |p MD.20622 |r 2022-09-15 |v 63000.00 |w 2022-09-15 |y BK | ||
| 980 | |a Thư viện Trường Đại học Nam Cần Thơ | ||


